| 000 | 00000nam##2200000za#4500 |
| 001 | 9.574582 |
| 003 | CaOODSP |
| 005 | 20210624184244 |
| 007 | cr ||||||||||| |
| 008 | 150406|1995||||xxc|||||o f|0| 0 eng|d |
| 022 | |a1205-9153 |
| 040 | |aCaOODSP|beng |
| 043 | |an-cn--- |
| 086 | 1 |aCS11-0019/86E-PDF |
| 245 | 00|aTechnology use, training and plant-specific knowledge in manufacturing establishments / |h[electronic resource]|cby John R Baldwin, Tara Gray and Joanne Johnson. |
| 260 | |aOttawa - Ontario : |bStatistics Canada |cDecember 1995. |
| 300 | |a39p.|bgraph, references, tables |
| 490 | 1 |aAnalytical Studies Branch research paper series|x1205-9153|vNo. 86 |
| 500 | |aThe catalogue number (11F0019MPE) and ISBN (0-660-15592-3) for the print edition have been incorrectly copied in this electronic publication. |
| 520 | 3 |aThis study examines the factors influencing a firm's decision to train, using data taken from several recent Statistics Canada surveys that explore advanced technology use by Canadian manufacturing plants.--Abstract |
| 590 | |a12-34-Supp|b2012-07-31 |
| 690 | 07|aTechnology|2gcpds |
| 690 | 07|aManufacturing industry|2gcpds |
| 710 | 2 |aStatistics Canada. |
| 720 | 1 |aJohnson, Joanne |
| 720 | 1 |aJohn, R. Baldwin |
| 720 | 1 |aGray, Tara |
| 775 | 08|tL'utilisation de la technologie, la formation et les connaissance spécifiques dans les établissements de fabrication / |w(CaOODSP)9.604324 |
| 776 | 0#|tTechnology use, training and plant-specific knowledge in manufacturing establishments / |w(CaOODSP)9.612713 |
| 830 | #0|aResearch paper series (Statistics Canada. Analytical Studies Branch)|x1205-9153|vNo. 86|w(CaOODSP)9.504421 |
| 856 | 40|ahttp://publications.gc.ca|qPDF|s123 KB|uhttps://publications.gc.ca/collections/Collection/CS11-0019-86E.pdf|yNo. 86 |